00836nam a2200217Ia 4500008004100000020001500041020001800056041000800074050002300082245008300105246007100188260004100259300003400300500005500334650002300389650003900412650002400451700001400475952011200489999001700601200826s9999||||xx |||||||||||||| ||und|| a7105091142 a9787105091140 achi aBL1825 b.D35 2008 0a原始宗教与萨满教卷:b = Indigenous beliefs and Shamanism /c孟慧英 a原始宗教與薩滿教卷b = Indigenous beliefs and Shamanism / a北京市 : b民族出版社,c2008 a2, 3, 539 p.bill. ; c21 cm. aTranslation of: Indigenous beliefs and Shamanism.  aChina -- Religion. aFolk religion -- China -- History. aShamanism -- China. a孟慧英 00104070aGETSbGETScGENd2020-08-26l0oBL1825 .D35 2008p00008963r2020-08-26 00:00:00w2020-08-26yCB c21343d21343